[Event "Copenhagen BSF GM"]
[Site "Copenhagen"]
[Date "2012.10.12"]
[Round "1"]
[White "Richter, Michael"]
[Black "Hagen, Andreas Skytte"]
[Result "1/2-1/2"]
[WhiteElo "2460"]
[BlackElo "2416"]
[PlyCount "103"]
[EventDate "2012.10.12"]
[EventType "tourn"]
[EventRounds "9"]
[EventCountry "DEN"]
[EventCategory "9"]
[SourceTitle "EXT 2013"]
[Source "ChessBase"]
[SourceDate "2012.11.22"]

1. d4 d5 2. c4 e6 3. Nc3 Be7 4. cxd5 exd5 5. Bf4 c6 6. Qc2 Nf6 7. e3 Nh5 8. Be5
Nd7 9. Be2 Nxe5 10. dxe5 g6 11. Bxh5 gxh5 12. O-O-O f6 13. Qe2 Bg4 14. Nf3 Qc7
15. h3 Bxf3 16. Qxf3 Qxe5 17. Rd4 Rg8 18. Rf4 O-O-O 19. g3 Rg5 20. Rd1 Qe6 21.
h4 Rg4 22. Rdd4 Rdg8 23. Rf5 Rxd4 24. exd4 Rg4 25. Rf4 Rxf4 26. Qxf4 Qg4 27.
Qe3 Kd7 28. Qd3 Qg6 29. Qe2 Bf8 30. Qe3 Bh6 31. f4 Bf8 32. a3 Bd6 33. Kd2 Bc7
34. Qf3 Ba5 35. b4 Bb6 36. Qe3 Qf5 37. Kc1 a6 38. Kb2 a5 39. Kb3 axb4 40. axb4
Qe6 41. Qd3 f5 42. Na4 Kc7 43. Nxb6 Kxb6 44. Qc3 Kc7 45. b5 Kd7 46. bxc6+ Qxc6
47. Qe3 Qe6 48. Qe5 Qb6+ 49. Kc2 Qe6 50. Kb3 Qb6+ 51. Kc2 Qe6 52. Kb3 1/2-1/2

[Event "Copenhagen BSF GM"]
[Site "Copenhagen"]
[Date "2012.10.14"]
[Round "4"]
[White "Richter, Michael"]
[Black "Svane, Rasmus"]
[Result "1/2-1/2"]
[WhiteElo "2460"]
[BlackElo "2394"]
[PlyCount "103"]
[EventDate "2012.10.12"]
[EventType "tourn"]
[EventRounds "9"]
[EventCountry "DEN"]
[EventCategory "9"]
[SourceTitle "EXT 2013"]
[Source "ChessBase"]
[SourceDate "2012.11.22"]

1. d4 e6 2. Nf3 Nf6 3. c4 b6 4. Nc3 Bb4 5. Qb3 a5 6. a3 a4 7. Qc2 Bxc3+ 8. Qxc3
Bb7 9. e3 O-O 10. b4 axb3 11. Qxb3 d6 12. Be2 Nbd7 13. O-O Qe7 14. Bb2 Ra7 15.
Rae1 Ne4 16. Qc2 f5 17. Nd2 Qg5 18. f4 Qg6 19. Bd3 Ndf6 20. Nxe4 Nxe4 21. Rf3
Qf7 22. d5 Qd7 23. Bxe4 fxe4 24. Rg3 Rf7 25. Qxe4 exd5 26. cxd5 Ra5 27. Qe6
Qxe6 28. dxe6 Re7 29. Bf6 Rxe6 30. Rxg7+ Kf8 31. Rxc7 Be4 32. Bg7+ Ke8 33. Bb2
Rb5 34. Bd4 Rg6 35. g3 h5 36. Rec1 h4 37. Rg7 Rxg7 38. Bxg7 hxg3 39. hxg3 Rb3
40. Bd4 Rxa3 41. Kh2 Bf5 42. g4 Bxg4 43. Kg3 Bf5 44. Kh4 Kf7 45. Kg5 Ra5 46.
Bxb6 Rb5 47. Bd4 Be4+ 48. Kg4 Rb1 49. Rxb1 Bxb1 50. f5 d5 51. Kf4 Be4 52. Ke5
1/2-1/2

[Event "Copenhagen BSF GM"]
[Site "Copenhagen"]
[Date "2012.10.14"]
[Round "5"]
[White "Rusev, Krasimir"]
[Black "Richter, Michael"]
[Result "1/2-1/2"]
[WhiteElo "2549"]
[BlackElo "2460"]
[PlyCount "161"]
[EventDate "2012.10.12"]
[EventType "tourn"]
[EventRounds "9"]
[EventCountry "DEN"]
[EventCategory "9"]
[SourceTitle "EXT 2013"]
[Source "ChessBase"]
[SourceDate "2012.11.22"]

1. d4 d5 2. Bf4 c5 3. e3 Nc6 4. Nf3 Nf6 5. dxc5 e6 6. c4 Bxc5 7. a3 O-O 8. Nbd2
b6 9. Bd3 Bb7 10. O-O dxc4 11. Nxc4 b5 12. Nd6 Qb6 13. Nxb5 e5 14. b4 exf4 15.
bxc5 Qxc5 16. Rc1 Qe7 17. exf4 Rad8 18. Qc2 a6 19. Rfe1 Qd7 20. Bf5 Qd5 21. Nc3
Qc5 22. Qb1 Ba8 23. Ne5 Qxa3 24. Ne4 Rb8 25. Qd3 Qxd3 26. Nxf6+ gxf6 27. Nxd3
Nd4 28. Bd7 Rfd8 29. Nc5 Nb3 30. Nxb3 Rxb3 31. Bf5 Rb4 32. g3 a5 33. Rc5 a4 34.
Ra5 Bf3 35. Ra7 Rbd4 36. Bc2 Bc6 37. Ra1 Rd2 38. Bxa4 Bxa4 39. R1xa4 R2d4 40.
R4a5 R4d5 41. Kg2 Rxa5 42. Rxa5 Kg7 43. h4 Rd2 44. Kf3 Rb2 45. g4 Rb3+ 46. Kg2
Rb4 47. Kg3 Rb3+ 48. f3 h6 49. Ra6 Rb5 50. Ra4 Rc5 51. Rd4 Ra5 52. Kf2 Ra2+ 53.
Kg3 Ra5 54. Rd2 Rb5 55. Kf2 Ra5 56. Ke3 Rb5 57. Ke4 Ra5 58. Rd5 Ra4+ 59. Ke3
Ra3+ 60. Kf2 Ra2+ 61. Kg3 Ra1 62. g5 fxg5 63. fxg5 hxg5 64. Rxg5+ Kh6 65. Rg4
Ra5 66. Kf4 Rb5 67. Rg8 Kh7 68. Rc8 Kg7 69. Kg4 Ra5 70. Rc6 Ra4+ 71. f4 Ra1 72.
Rc3 Rb1 73. Kg5 Rb5+ 74. f5 f6+ 75. Kg4 Kh6 76. Rg3 Rb4+ 77. Kh3 Kh5 78. Rg6
Rb3+ 79. Kg2 Kxh4 80. Rxf6 Kg5 81. Rc6 1/2-1/2

[Event "Copenhagen BSF GM"]
[Site "Copenhagen"]
[Date "2012.10.14"]
[Round "5"]
[White "Skytte, Rasmus"]
[Black "Hagen, Andreas Skytte"]
[Result "1-0"]
[WhiteElo "2406"]
[BlackElo "2416"]
[PlyCount "75"]
[EventDate "2012.10.12"]
[EventType "tourn"]
[EventRounds "9"]
[EventCountry "DEN"]
[EventCategory "9"]
[SourceTitle "EXT 2013"]
[Source "ChessBase"]
[SourceDate "2012.11.22"]

1. d4 d5 2. c4 e6 3. Nc3 Be7 4. cxd5 exd5 5. Bf4 c6 6. Qc2 Nf6 7. e3 Nh5 8. Be5
Nd7 9. Be2 Nxe5 10. dxe5 g6 11. Bxh5 gxh5 12. O-O-O f6 13. e4 d4 14. exf6 Bxf6
15. Nf3 Bg4 16. Ne2 Qa5 17. Kb1 Be6 18. a3 O-O 19. Nfxd4 Bf7 20. Nf5 Kh8 21.
Nd6 Bg8 22. f4 Qb6 23. e5 Be7 24. Qc3 Qf2 25. Ng3 Bd5 26. Nxh5 Qh4 27. e6+ Rf6
28. Nxf6 Bxf6 29. Qe3 Be7 30. Nf5 Qf6 31. Nxe7 Qxe7 32. Qe5+ Kg8 33. Rd3 h6 34.
Rg3+ Kh7 35. Qf5+ Kh8 36. Rg6 Qf8 37. Qe5+ Kh7 38. Rf6 1-0

[Event "Copenhagen BSF GM"]
[Site "Copenhagen"]
[Date "2012.10.15"]
[Round "7"]
[White "Skytte, Rasmus"]
[Black "Richter, Michael"]
[Result "1-0"]
[WhiteElo "2406"]
[BlackElo "2460"]
[PlyCount "123"]
[EventDate "2012.10.12"]
[EventType "tourn"]
[EventRounds "9"]
[EventCountry "DEN"]
[EventCategory "9"]
[SourceTitle "EXT 2013"]
[Source "ChessBase"]
[SourceDate "2012.11.22"]

1. d4 d5 2. c4 c6 3. Nf3 e6 4. Nbd2 f5 5. g3 Nf6 6. Bg2 Bd6 7. O-O Nbd7 8. Ne1
O-O 9. Qc2 b6 10. Nd3 Bb7 11. Nf3 Ne4 12. Bf4 Qe7 13. Bxd6 Qxd6 14. Rfd1 c5 15.
cxd5 exd5 16. e3 Rfc8 17. dxc5 bxc5 18. Nf4 Ndf6 19. Nd2 g5 20. Nh3 Qe5 21. Nf3
Qe7 22. Nfxg5 Re8 23. Nxe4 fxe4 24. Nf4 Red8 25. Rac1 d4 26. Bh3 d3 27. Qxc5
Qxc5 28. Rxc5 Bc8 29. Bf5 Bxf5 30. Rxf5 Rd6 31. f3 Rc8 32. fxe4 d2 33. Nd5 Rc1
34. Rff1 Nxe4 35. Ne7+ Kh8 36. Rxc1 dxc1=Q 37. Rxc1 Rd2 38. Nf5 h5 39. Rc6 Rxb2
40. Ra6 Kh7 41. Rxa7+ Kg6 42. Nh4+ Kf6 43. Ra6+ Ke5 44. Ra5+ Ke6 45. Rxh5 Rxa2
46. Rf5 Re2 47. Rf1 Ng5 48. Nf3 Nh3+ 49. Kh1 Ra2 50. e4 Nf2+ 51. Kg2 Nxe4+ 52.
Kh3 Nf2+ 53. Kh4 Kf5 54. h3 Ra8 55. Nd4+ Ke4 56. Rxf2 Rh8+ 57. Kg5 Rg8+ 58. Kh5
Rh8+ 59. Kg6 Rg8+ 60. Kf7 Rxg3 61. Ne6 Ke3 62. Rh2 1-0

[Event "Copenhagen BSF GM"]
[Site "Copenhagen"]
[Date "2012.10.14"]
[Round "5"]
[White "Svane, Rasmus"]
[Black "Danielsen, Henrik"]
[Result "0-1"]
[WhiteElo "2394"]
[BlackElo "2524"]
[PlyCount "88"]
[EventDate "2012.10.12"]
[EventType "tourn"]
[EventRounds "9"]
[EventCountry "DEN"]
[EventCategory "9"]
[SourceTitle "EXT 2013"]
[Source "ChessBase"]
[SourceDate "2012.11.22"]

1. d4 d6 2. Nf3 Bg4 3. e4 Nf6 4. h3 Bh5 5. Nc3 e6 6. Qe2 c6 7. g4 Bg6 8. h4 h5
9. g5 Nfd7 10. Bh3 Be7 11. d5 cxd5 12. exd5 e5 13. Be3 O-O 14. O-O-O Na6 15.
Nd2 Ndc5 16. f3 Rb8 17. Qb5 b6 18. Nde4 Nc7 19. Qe2 Re8 20. Rhe1 Bf8 21. Qf1 a5
22. Bxc5 bxc5 23. f4 exf4 24. Qxf4 Re5 25. Nd2 Nxd5 26. Nxd5 Rxd5 27. Nc4 Rxd1+
28. Rxd1 d5 29. Ne5 Qb6 30. b3 Bd6 31. Rxd5 Re8 32. Bf5 Qc7 33. Bxg6 Rxe5 34.
Rxe5 Bxe5 35. Qc4 Bd4 36. Bd3 Qf4+ 37. Kd1 Qf3+ 38. Be2 Qh1+ 39. Kd2 Qxh4 40.
Qd5 Qf4+ 41. Kd1 g6 42. Bc4 Kg7 43. Qg2 h4 44. Ke1 Qc1+ 0-1

[Event "Copenhagen BSF GM"]
[Site "Copenhagen"]
[Date "2012.10.13"]
[Round "3"]
[White "Svane, Rasmus"]
[Black "Glud, Jakob Vang"]
[Result "1/2-1/2"]
[WhiteElo "2394"]
[BlackElo "2520"]
[PlyCount "40"]
[EventDate "2012.10.12"]
[EventType "tourn"]
[EventRounds "9"]
[EventCountry "DEN"]
[EventCategory "9"]
[SourceTitle "EXT 2013"]
[Source "ChessBase"]
[SourceDate "2012.11.22"]

1. d4 d5 2. c4 e6 3. Nc3 Nf6 4. cxd5 exd5 5. Bg5 Nbd7 6. e3 Be7 7. Bd3 O-O 8.
Nge2 Re8 9. O-O c6 10. Qc2 Nf8 11. f3 Be6 12. Rad1 N6d7 13. Bxe7 Qxe7 14. Nf4
Rad8 15. Qf2 Nb6 16. Bc2 Qf6 17. Bb3 Bc8 18. Rfe1 Qh6 19. Nd3 Ne6 20. e4 Nc7
1/2-1/2

[Event "Copenhagen BSF GM"]
[Site "Copenhagen"]
[Date "2012.10.12"]
[Round "1"]
[White "Svane, Rasmus"]
[Black "Mikkelsen, Nikolaj"]
[Result "1-0"]
[WhiteElo "2394"]
[BlackElo "2431"]
[PlyCount "113"]
[EventDate "2012.10.12"]
[EventType "tourn"]
[EventRounds "9"]
[EventCountry "DEN"]
[EventCategory "9"]
[SourceTitle "EXT 2013"]
[Source "ChessBase"]
[SourceDate "2012.11.22"]

1. d4 d6 2. Nf3 g6 3. c4 Bg7 4. Nc3 Nd7 5. e4 e5 6. Be2 c6 7. O-O Ngf6 8. Be3
O-O 9. d5 c5 10. h3 Kh8 11. a3 b6 12. b4 Ng8 13. Qc2 h6 14. Bd3 Ndf6 15. bxc5
bxc5 16. Qa4 Ne7 17. Qc2 Nh5 18. Qd2 Ng8 19. Be2 Nf4 20. Bxf4 exf4 21. Rab1 g5
22. Bd3 Ne7 23. e5 dxe5 24. Rfe1 Nf5 25. Nxe5 Nd4 26. Nb5 Nxb5 27. Rxb5 Qd6 28.
Qe2 a6 29. Rbb1 Ra7 30. Nc6 Rc7 31. Bc2 Bd7 32. Ne5 Bc8 33. Nc6 Bd7 34. Ne5 Bc8
35. h4 Re7 36. Qd3 f5 37. Ng6+ Qxg6 38. Rxe7 gxh4 39. Rb8 Qd6 40. Rxc8 Qxe7 41.
Qxf5 Kg8 42. Qh7+ Kf7 43. Qg6+ Kg8 44. Rc6 Rb8 45. Qh7+ Kf8 46. Qf5+ Kg8 47.
Re6 Qg5 48. Qe4 f3 49. Qxf3 Qc1+ 50. Bd1 Rf8 51. Qe2 Bd4 52. Rg6+ Kh8 53. Qh5
Kh7 54. Kh2 Rxf2 55. Rg4 Rf6 56. Qe8 Bg1+ 57. Kh1 1-0

[Event "Copenhagen BSF GM"]
[Site "Copenhagen"]
[Date "2012.10.15"]
[Round "6"]
[White "Svane, Rasmus"]
[Black "Rusev, Krasimir"]
[Result "1/2-1/2"]
[WhiteElo "2394"]
[BlackElo "2549"]
[PlyCount "33"]
[EventDate "2012.10.12"]
[EventType "tourn"]
[EventRounds "9"]
[EventCountry "DEN"]
[EventCategory "9"]
[SourceTitle "EXT 2013"]
[Source "ChessBase"]
[SourceDate "2012.11.22"]

1. c4 Nf6 2. Nc3 Nc6 3. Nf3 e6 4. e4 e5 5. d4 exd4 6. Nxd4 Bb4 7. Nxc6 bxc6 8.
e5 Ne4 9. Qg4 Nxc3 10. a3 Bf8 11. bxc3 Qe7 12. Qg3 d6 13. Be2 Qxe5 14. Bf4 Qf6
15. Bg5 Qe5 16. Bf4 Qf6 17. Bg5 1/2-1/2